Statystyki dla niemiecki części ciała

Kliknij tutaj aby rozwiązać quiz!

Ogólne statystyki

  • Ten quiz został rozwiązany 12 razy
  • Średni wynik to 14 z 35

Statystyki odpowiedzi

Po polskuPo niemiecku% Poprawnych
okodas Auge
100%
brzuchder Bauch
86%
głowader Kopf
86%
nosdie Nase
86%
nogadas Bein
71%
kolanodas Knie
71%
uchodas Ohr
71%
stopader fuss
71%
ząbder Zahn
71%
dłońdie Hand
71%
twarzdas Gesicht
57%
rękader Arm
57%
palec u rękider Finger
57%
pupader Po
57%
sercedas Herz
43%
szyjader Hals
43%
ustader Mund
43%
plecyder Rucken
43%
łokiecder Ellenbogen
29%
kostkader Knochel
29%
klatka piersiowadie Brust
29%
brodadas Kinn
14%
wargader Lippen
14%
żołądekder Magen
14%
palec u stopyder Zeh
14%
żebradie Rippen
14%
ramiedie Schulter
14%
czołodie Strin
14%
mózgdas Hirn
0%
wątrobader Leber
0%
udoder Oberschenkel
0%
płucadie Lungen
0%
nerkidie Nieren
0%
łydkadie Wade
0%
kregosłupdie Wirbelsaule
0%

Rozkład punktacji

Percentyl według liczby udzielonych odpowiedzi

Procent ludzi z każdym wynikiem

Twoja historia wyników

Nie rozwiązałeś tego quizu